| 000 | 00736nam a2200169Ia 4500 | ||
|---|---|---|---|
| 008 | 090711s9999 xx 000 0 und d | ||
| 082 | _b51000 | ||
| 100 | _aटोळ दत्ता आणि इतर | ||
| 245 | _aमुलानसाठी हितोपदेश शहाणपणाSया गोष्टी | ||
| 260 | _c1983 | ||
| 300 | _a24+94+32 | ||
| 600 | _aटोळ दत्ता आणि इतर | ||
| 630 | _aमुलानसाठी हितोपदेश शहाणपणाSया गोष्टी | ||
| 700 | _aटोळ दत्ता आणि इतर | ||
| 730 | _aमुलानसाठी हितोपदेश शहाणपणाSया गोष्टी | ||
| 942 | _cBOOK | ||
| 999 |
_c322751 _d322751 |
||